Trudny quiz wiedzy #1 - Statystyki

Ogólne statystyki
  • Ten quiz został rozwiązany 26 razy
  • Średni wynik to 9 z 27
Statystyki odpowiedzi
Hint Odpowiedź % Poprawnych
6. Jak brzmią trzy nazwiska klasyków wiedeńskich? Mozart
82%
6. Jak brzmią trzy nazwiska klasyków wiedeńskich? Beethoven
68%
9. Polski tyczkarz, który po zdobyciu złotego medalu na IO w Moskwie (1980) pokazał obraźliwy gest gwiżdżącej radzieckiej publiczności? Władysław Kozakiewicz
68%
20. Które afrykańskie państwo posiada aż 11 języków urzędowych? RPA (Republika Południowej Afryki)
59%
18. Który rok, będący przełomem w procesie dekolonizacji, nazywany jest „Rokiem Afryki” ze względu na uzyskanie niepodległości przez 17 państw tego kontynentu? 1960
55%
4. Wymień 5 naturalnie występujących fluorowców? fluor
55%
2. Który słynny kompozytor i pianista, przyjaciel Chopina, opublikował jego pierwszą biografię? Ferenc Liszt
45%
3. Jak nazywa się jedyne miejsce, w którym żyły ptaki dodo zanim wyginęły? Mauritius
41%
15. Jak nazywa się amerykański zespół metalowy, który w 2013 roku zagrał koncert na Antarktydzie (dla 120 osób), stając się tym samym pierwszym w historii, który wystąpił na wszystkich 7 kontynentach? Metallica
41%
8. Kto jest autorem powieści "Sto lat samotności", reprezentującej realizm magiczny? Gabriel García Márquez
36%
6. Jak brzmią trzy nazwiska klasyków wiedeńskich? Haydn
36%
4. Wymień 5 naturalnie występujących fluorowców? brom
32%
12. Jak nazywa się dziedzina medycyny sądowej zajmująca się nauką o śmierci, której nazwa wywodzi się od imienia greckiego boga – uosobienia śmierci? Tanatologia
32%
5. Wymień 5 naturalnie występujących fluorowców? chlor
27%
4. Wymień 5 naturalnie występujących fluorowców? jod
27%
19. Jak nazywa się cząstka elementarna, nadająca masę innym cząstkom, której istnienie potwierdzono w 2012 roku w CERN, potocznie zwana „Boską cząstką”? Bozon Higgsa
23%
7. Jak nazywają się księżyce Marsa? Deimos
23%
7. Jak nazywają się księżyce Marsa? Phobos
23%
11. Jak brzmi historyczna nazwa liczby pi, nadana na cześć matematyka, który obliczył jej rozwinięcie do 35. miejsca po przecinku? Ludolfina
18%
10. Kto dokonał samospalenia w 1968 roku na Stadionie Dziesięciolecia w Warszawie w proteście przeciwko inwazji na Czechosłowację? Ryszard Siwiec
18%
16. Jak nazywa się pasmo górskie we wschodniej Francji, oddzielone doliną Renu od niemieckiego Schwarzwaldu, które historycznie stanowiło granicę między tymi państwami? Wogezy
18%
4. Wymień 5 naturalnie występujących fluorowców? astat
9%
13. Irlandzki dramaturg, który jako pierwszy w historii zdobył zarówno Nagrodę Nobla w dziedzinie literatury, jak i Oscara (za scenariusz do filmu „Pigmalion”)? George Bernard Shaw
9%
1. Jaką nazwę otrzymał poprzednik dzisiejszego internetu wykorzystywany przez armię amerykańską? ARPANET
5%
17. Jak nazywa się najsłynniejszy tryptyk Hieronima Boscha, którego lewe skrzydło przedstawia Raj, środkowe – ludzkość oddającą się uciechom, a prawe – przerażającą wizję Piekła? Ogród rozkoszy ziemskich
5%
14. Jak nazywa się charakterystyczny dla gotyku element konstrukcyjny w formie łuku, przenoszący ciężar sklepienia na przypory zewnętrzne? Łuk przyporowy
0%
5. Pierwsza kobieta stojąca na czele państwa (Premier 20 lipca 1960 r.)? Sirimavo Bandaranaike
0%
Nie znaleziono quizów pasujących do podanych kryteriów
Rozkład punktacji
Procent ludzi z każdym wynikiem
Percentyl według liczby udzielonych odpowiedzi
Twoja historia wyników
Nie rozwiązałeś tego quizu